01651nam a2200397 i 4500001000700000003000800007005001700015006001900032007001500051008004100066020001800107035002300125035002400148035002500172035002100197040003100218050002400249082001600273245020400289264007300493300002500566336003100591337003300622338004300655490005500698500002300753588012700776650002900903650003400932655002700966700004300993700004301036700005601079830005601135856006201191138762FlNmELB20241217181234.0m o d | cr cnu||||||||140104s2013 sp o 001 0 spa d z9788415834465 a(MiAaPQ)EBC3215693 a(Au-PeEL)EBL3215693 a(CaPaEBR)ebr10779756 a(OCoLC)991927763 aFINmELBbspaerdacFINmELB 4aLB1737.5bF723 20130 a370.71122303aLa formación del profesorado para la atención a la diversidad en Brasil y España /cEladio Sebastián Heredero, Claudia Regina Mosca Giroto, Sandra Eli Sartoreto de Oliveira Martins, editores. 1aMadrid :bServicio de Publicaciones. Universidad de Alcalá,c2013. a1 recurso en línea atextobtxt2rdacontent/spa acomputadorabc2rdamedia/spa arecurso en líneabcr2rdacarrier/spa1 aObras colectivas. Ciencias de la educación ;v10 aContiene índice. aDescripción basada en recurso en línea; Título de la página del título en PDF (e-libro, visto January 04, 2014). 4aFormación de docentes. 0aTeacher educatorsxBiography. 4aLibros electrónicos.1 aHeredero, Eladio Sebastián,eeditor.1 aMosca Giroto, Claudia Regina,eeditor.1 aSartoreto de Oliveira Martins, Sandra Eli,eeditor. 0aObras colectivas. Ciencias de la educación ;v10.40uhttps://elibro.net/ereader/politecnicointernacional/42936